Sams teach yourself Visual C++ 6 in 21 days (Record no. 34542)

MARC details
000 -LEADER
fixed length control field 00479nam a2200181Ia 4500
020 ## - INTERNATIONAL STANDARD BOOK NUMBER
ISBN 0672312409
050 ## - CALL MARK
Classification number QA 76.73.C153 C465/
100 ## - STATEMENT OF RESPONSIBILITY--MAIN AUTHOR NAME
Personal name Chapman, Davis
245 #0 - TITLE STATEMENT
Title Sams teach yourself Visual C++ 6 in 21 days
260 ## - PUBLICATION, DISTRIBUTION, ETC. (IMPRINT)
Place of publication Indianapolis
260 ## - PUBLICATION, DISTRIBUTION, ETC. (IMPRINT)
Name of publisher Sams
260 ## - PUBLICATION, DISTRIBUTION, ETC. (IMPRINT)
Year of publication c1998.
300 ## - PHYSICAL DESCRIPTION
Number of Pages 769 p
650 ## - SUBJECT ADDED ENTRY--TOPICAL TERM
Topical Term Microsoft Visual C++. C++ (Computer program language)
942 ## - ADDED ENTRY ELEMENTS (KOHA)
Koha item type Books
Holdings
Withdrawn status Lost status Source of classification or shelving scheme Damaged status Not for loan Permanent Location Current Location Date acquired Accession Number Price effective from Koha item type
    Library of Congress Classification     NILE UNIVERSITY OF NIGERIA - MAIN LIBRARY NILE UNIVERSITY OF NIGERIA - MAIN LIBRARY 04/23/2025 0010463 04/23/2025 Books